Tilastot visalle Sanat - "On hanget korkeat, nietokset"

Klikkaa tästä pelataksesi tätä visaa!

Yleistilastot

  • Tätä visaa on pelattu 70 kertaa
  • Keskiarvotulos 70 / 113

Vastaustilastot

Sanat% Oikein
hanget
100%
korkeat,
100%
on
100%
On
100%
joulu
98%
joulu,
98%
nietokset,
96%
Ja
94%
ja
94%
Me
94%
meillä.
94%
meillä!
94%
kun
81%
vaan
81%
pakkaset
77%
paukkuvat
74%
tuuloset,
72%
Pohjolan
70%
kylmät,
68%
tuimat
58%
Se
49%
taasen
49%
laulamme
45%
Oi
45%
oi,
45%
riemuiten,
45%
ystävä
45%
hetkisen
42%
Nyt
42%
viipyy
40%
Jumala,
38%
tuttu
38%
tänne
36%
ystävät
36%
laulamaan,
34%
mi
34%
poikennut
34%
vanhastaan,
32%
armoas,
30%
käykää,
30%
anna,
28%
elämän
28%
teillä!
28%
entisen,
26%
sydämen
26%
matkoillaan
25%
sielun
25%
kasvoi
23%
voi,
23%
jos
21%
surun
21%
valtaa
21%
auta
19%
laulu
19%
soi,
19%
näkemään
17%
taivaitas,
17%
lapsen,
15%
nöyrä
15%
sun
15%
sydän
15%
tähtitarhoihin
15%
kansaa
13%
suojaa
13%
taivaaseen
13%
maasta
11%
särkevi
11%
voimallas,
11%
päästä
9%
meit´
0%

Tulosjakauma

Persentiili vastausten määrän mukaan

Jokaisen tuloksen saaneiden osuus

Tuloshistoriasi

Et ole pelannut tätä visaa